000 00709nam a2200265Ia 4500
005 20260302115613.0
008 008 260114s9999 xx 000 0 eng d
020 _a9798881838942
037 _aTextbook
040 _aCRL
040 _beng
040 _cCRL
041 _2eng
041 _aeng
084 _qCRL
100 _aJonathan Flom
_91122054
245 0 _aAct Like It's Your Business Branding and Marketing Strategies for Actors
260 _bBloomsbury
260 _bScarecrow Press
260 _c2013
650 _aLiterary Studies
856 _uhttps://doi.org/10.5040/9798881838942?locatt=label:secondary_bloomsburyCollections
942 _cEBOOK
999 _c1686812
_d1686812